[Event "Alcobendas op"]
[Site "Alcobendas"]
[Date "1994.??.??"]
[Round "5"]
[White "Rodriguez Vila, Andres"]
[Black "Hernandez Guerrero, Yadira"]
[Result "1-0"]
[WhiteElo "2430"]
[BlackElo "2150"]
[PlyCount "57"]
[EventDate "1994.11.??"]
[EventType "swiss"]
[EventRounds "9"]
[EventCountry "ESP"]
[SourceTitle "EXT 2000"]
[Source "ChessBase"]
[SourceDate "1999.11.16"]
[SourceVersion "1"]
[SourceVersionDate "1999.11.16"]
[SourceQuality "1"]

1. e4 e5 2. Nf3 Nf6 3. Nc3 Bb4 4. Nxe5 O-O 5. Be2 Re8 6. Nd3 Bxc3 7. dxc3 Nxe4
8. Nf4 d6 9. O-O Nc6 10. c4 Bf5 11. Be3 Qd7 12. Re1 Rad8 13. Bf1 a6 14. c3 Ne5
15. f3 Nf6 16. Qb3 Qc6 17. Rad1 Nfd7 18. Rd2 Nc5 19. Qd1 Ne6 20. Nd5 h5 21. Bf2
a5 22. a3 Ra8 23. h3 Nc5 24. b4 axb4 25. axb4 Na4 26. f4 Nxc4 27. Rxe8+ Rxe8
28. b5 Qxb5 29. Nxc7 1-0

[Event "Moscow ol (Men)"]
[Site "Moscow"]
[Date "1994.12.03"]
[Round "3.1"]
[White "Santacruz, Cesar S"]
[Black "Rodriguez Vila, Andres"]
[Result "0-1"]
[WhiteElo "2295"]
[BlackElo "2430"]
[PlyCount "98"]
[EventDate "1994.12.01"]
[EventType "team-swiss"]
[EventRounds "14"]
[EventCountry "RUS"]
[SourceTitle "CBM 045"]
[Source "ChessBase"]
[SourceDate "1995.04.01"]
[SourceVersion "1"]
[SourceVersionDate "1995.04.01"]
[SourceQuality "1"]
[WhiteTeam "Paraguay"]
[BlackTeam "Uruguay"]
[WhiteTeamCountry "PAR"]
[BlackTeamCountry "URU"]

1. e4 e6 2. d4 d5 3. Nd2 Nf6 4. e5 Nfd7 5. Bd3 c5 6. c3 Nc6 7. Ne2 cxd4 8. cxd4
f6 9. exf6 Nxf6 10. O-O Bd6 11. Nf3 Qc7 12. Nc3 a6 13. Bg5 O-O 14. Rc1 Bd7 15.
a3 Be8 16. Qe2 Bf7 17. b4 Ng4 18. g3 e5 19. dxe5 Ngxe5 20. Nxe5 Bxe5 21. Qg4
Qd6 22. Bb1 Be6 23. Qd1 h6 24. Be3 d4 25. Ne4 Qe7 26. Bd2 Rad8 27. f4 Bb8 28.
Bd3 Ba7 29. Re1 Qf7 30. Nc5 Bd5 31. Qg4 Rd6 32. Re2 Bxc5 33. bxc5 Re6 34. Rxe6
Bxe6 35. Qg6 Qxg6 36. Bxg6 Bd5 37. Bh5 Be4 38. Re1 Bd5 39. Re8 Rxe8 40. Bxe8
Nd8 41. Bd7 Kf8 42. Ba5 Ke7 43. Bg4 Ne6 44. Bb6 Bc6 45. Bxe6 Kxe6 46. Kf2 g5
47. fxg5 hxg5 48. Bd8 Kd5 49. Bxg5 Kxc5 0-1

[Event "Moscow ol (Men)"]
[Site "Moscow"]
[Date "1994.12.04"]
[Round "4.1"]
[White "Rodriguez Vila, Andres"]
[Black "Rogers, Ian"]
[Result "0-1"]
[WhiteElo "2430"]
[BlackElo "2560"]
[PlyCount "60"]
[EventDate "1994.12.01"]
[EventType "team-swiss"]
[EventRounds "14"]
[EventCountry "RUS"]
[SourceTitle "CBM 045"]
[Source "ChessBase"]
[SourceDate "1995.04.01"]
[SourceVersion "1"]
[SourceVersionDate "1995.04.01"]
[SourceQuality "1"]
[WhiteTeam "Uruguay"]
[BlackTeam "Australia"]
[WhiteTeamCountry "URU"]
[BlackTeamCountry "AUS"]

1. e4 c5 2. Nf3 d6 3. d4 cxd4 4. Nxd4 Nf6 5. Nc3 Nc6 6. g3 e5 7. Nde2 Be7 8.
Bg2 Be6 9. O-O O-O 10. h3 Rc8 11. f4 b5 12. b3 Nb4 13. Bb2 a5 14. Kh2 Qb6 15.
Rc1 a4 16. a3 Na6 17. Nd5 Bxd5 18. exd5 Nd7 19. g4 Rfe8 20. Ng3 exf4 21. Nh5
Ne5 22. Bd4 Qc7 23. bxa4 bxa4 24. Rxf4 Bg5 25. Rf5 Bxc1 26. Qxc1 f6 27. Qf1 Qc4
28. Qf4 Ng6 29. Qh6 gxh6 30. Nxf6+ Kh8 0-1

[Event "Moscow ol (Men)"]
[Site "Moscow"]
[Date "1994.12.11"]
[Round "10.1"]
[White "Schmidt, Wlodzimierz"]
[Black "Rodriguez Vila, Andres"]
[Result "0-1"]
[WhiteElo "2460"]
[BlackElo "2430"]
[PlyCount "64"]
[EventDate "1994.12.01"]
[EventType "team-swiss"]
[EventRounds "14"]
[EventCountry "RUS"]
[SourceTitle "CBM 045"]
[Source "ChessBase"]
[SourceDate "1995.04.01"]
[SourceVersion "1"]
[SourceVersionDate "1995.04.01"]
[SourceQuality "1"]
[WhiteTeam "Poland"]
[BlackTeam "Uruguay"]
[WhiteTeamCountry "POL"]
[BlackTeamCountry "URU"]

1. Nf3 e6 2. c4 Nf6 3. Nc3 Bb4 4. Qc2 O-O 5. a3 Bxc3 6. Qxc3 d6 7. b4 b6 8. Bb2
Bb7 9. g3 c5 10. Bg2 e5 11. d3 Nc6 12. e4 Nd4 13. Nxd4 cxd4 14. Qd2 b5 15. cxb5
d5 16. f3 dxe4 17. dxe4 Ne8 18. Rc1 Nd6 19. O-O Nxb5 20. Rc5 Nd6 21. Rfc1 Re8
22. a4 Qd7 23. b5 Qe6 24. Ba3 Qb3 25. Bb4 a5 26. Bxa5 Qxa4 27. Bc7 Nxb5 28.
Bxe5 f6 29. Bf4 Nc3 30. Rc7 Qb4 31. R1xc3 dxc3 32. Qd1 Qb6+ 0-1

[Event "Moscow ol (Men)"]
[Site "Moscow"]
[Date "1994.12.12"]
[Round "11.1"]
[White "Rodriguez Vila, Andres"]
[Black "Nikolaidis, Ioannis"]
[Result "0-1"]
[WhiteElo "2430"]
[BlackElo "2460"]
[PlyCount "58"]
[EventDate "1994.12.01"]
[EventType "team-swiss"]
[EventRounds "14"]
[EventCountry "RUS"]
[SourceTitle "CBM 045"]
[Source "ChessBase"]
[SourceDate "1995.04.01"]
[SourceVersion "1"]
[SourceVersionDate "1995.04.01"]
[SourceQuality "1"]
[WhiteTeam "Uruguay"]
[BlackTeam "Greece"]
[WhiteTeamCountry "URU"]
[BlackTeamCountry "GRE"]

1. e4 e5 2. Nf3 Nc6 3. Bb5 a6 4. Ba4 Nf6 5. d4 exd4 6. O-O Be7 7. Re1 b5 8. e5
Nxe5 9. Nxe5 bxa4 10. Qxd4 O-O 11. Bg5 Rb8 12. Nd2 Rb6 13. Ndc4 Re6 14. f4 d6
15. Nc6 Qe8 16. Nxe7+ Qxe7 17. Bh4 Re8 18. Nd2 Qd7 19. Rxe6 Rxe6 20. f5 Re2 21.
Bxf6 Bb7 22. Nf3 Qxf5 23. Qa7 Qg4 24. Qb8+ Bc8 25. Ne1 gxf6 26. Qxc7 Qd4+ 27.
Kh1 Bg4 28. Qc3 Qf2 29. h3 Re3 0-1

[Event "Moscow ol (Men)"]
[Site "Moscow"]
[Date "1994.12.13"]
[Round "12.1"]
[White "Rodriguez Vila, Andres"]
[Black "Milos, Gilberto"]
[Result "1-0"]
[WhiteElo "2430"]
[BlackElo "2575"]
[PlyCount "106"]
[EventDate "1994.12.01"]
[EventType "team-swiss"]
[EventRounds "14"]
[EventCountry "RUS"]
[SourceTitle "CBM 045"]
[Source "ChessBase"]
[SourceDate "1995.04.01"]
[SourceVersion "1"]
[SourceVersionDate "1995.04.01"]
[SourceQuality "1"]
[WhiteTeam "Uruguay"]
[BlackTeam "Brazil"]
[WhiteTeamCountry "URU"]
[BlackTeamCountry "BRA"]

1. e4 e5 2. Nf3 Nc6 3. Bb5 a6 4. Ba4 Nf6 5. d3 b5 6. Bb3 Be7 7. Qe2 O-O 8. c3
Bb7 9. Nbd2 d5 10. O-O Re8 11. Rd1 Bf8 12. Nf1 Na5 13. Bc2 c5 14. Ng3 Qb6 15.
Nf5 Rad8 16. Bg5 h6 17. Bh4 Qe6 18. Nd2 g6 19. Ng3 d4 20. cxd4 exd4 21. Ngf1 c4
22. a4 cxd3 23. Bxd3 b4 24. f3 Rc8 25. Bf2 Qb6 26. Nc4 Nxc4 27. Bxc4 Bc5 28. a5
Qd6 29. Qd2 Qf8 30. Kh1 Bxe4 31. Bxa6 Ra8 32. Bb5 Reb8 33. Bxd4 Rxb5 34. Bxf6
Bc6 35. a6 Kh7 36. Qf4 Rb6 37. h4 Bb5 38. h5 Be7 39. Be5 Rbxa6 40. Rxa6 Rxa6
41. Ng3 Re6 42. Ne4 f5 43. hxg6+ Kxg6 44. Nd6 Bxd6 45. Bxd6 Qf6 46. Qxb4 Re2
47. Bg3 Rxb2 48. Qc5 Kh5 49. Rd5 Qc6 50. Qd4 Rb4 51. Qe5 Qg6 52. Be1 Bc6 53.
Qh2+ Kg5 1-0

[Event "Buenos Aires CC Jaque Mate 68 ann"]
[Site "Buenos Aires"]
[Date "1995.??.??"]
[Round "1"]
[White "Baker, Enrique"]
[Black "Rodriguez Vila, Andres"]
[Result "0-1"]
[WhiteElo "2235"]
[BlackElo "2435"]
[PlyCount "80"]
[EventDate "1995.??.??"]
[EventType "tourn"]
[EventRounds "15"]
[EventCountry "ARG"]
[SourceTitle "EXT 2004"]
[Source "ChessBase"]
[SourceDate "2003.11.25"]
[SourceVersion "1"]
[SourceVersionDate "2003.11.25"]
[SourceQuality "1"]

1. d4 Nf6 2. Nf3 e6 3. c4 c5 4. d5 b5 5. e4 Nxe4 6. cxb5 Bb7 7. Bc4 Qa5+ 8.
Nfd2 exd5 9. O-O dxc4 10. Nxe4 d5 11. Nec3 Qd8 12. Re1+ Be7 13. Qe2 Nd7 14. Bg5
f6 15. Bf4 Nf8 16. Na3 Ng6 17. Bg3 O-O 18. Rad1 d4 19. Nxc4 Kh8 20. a4 f5 21.
f3 Bh4 22. Qc2 Qg5 23. Nd6 Bxf3 24. gxf3 Bxg3 25. Qg2 Nh4 26. Qxg3 Nxf3+ 27.
Kf2 Qxg3+ 28. hxg3 Nxe1 29. Rxe1 dxc3 30. bxc3 Rad8 31. Re6 h5 32. Ke3 g5 33.
a5 f4+ 34. Kf3 g4+ 35. Kg2 h4 36. gxh4 f3+ 37. Kf1 g3 38. h5 f2 39. Rh6+ Kg7
40. Rg6+ Kh7 0-1

[Event "Buenos Aires CC Jaque Mate 68 ann"]
[Site "Buenos Aires"]
[Date "1995.??.??"]
[Round "2"]
[White "Rodriguez Vila, Andres"]
[Black "Asensio, Enrique"]
[Result "1-0"]
[WhiteElo "2435"]
[BlackElo "2240"]
[PlyCount "75"]
[EventDate "1995.??.??"]
[EventType "tourn"]
[EventRounds "15"]
[EventCountry "ARG"]
[SourceTitle "EXT 2004"]
[Source "ChessBase"]
[SourceDate "2003.11.25"]
[SourceVersion "1"]
[SourceVersionDate "2003.11.25"]
[SourceQuality "1"]

1. e4 e5 2. Nf3 Nf6 3. d4 exd4 4. e5 Ne4 5. Qxd4 d5 6. exd6 Nxd6 7. Nc3 Nc6 8.
Qf4 g6 9. Bd2 Qe7+ 10. Be2 Be6 11. O-O-O Bg7 12. Rhe1 O-O-O 13. Qa4 Kb8 14. Kb1
Rhe8 15. Ng5 Nc8 16. Nxe6 Qxe6 17. Bf3 Ne5 18. Be3 Qc4 19. Bd5 Qxa4 20. Nxa4
Nd6 21. Bd4 Bh8 22. Nc5 Kc8 23. c3 Ng4 24. Bxh8 Rxe1 25. Rxe1 Rxh8 26. h3 Nf6
27. Bf3 Re8 28. Rd1 Rd8 29. Nxb7 Rd7 30. Nc5 Re7 31. Rd4 Re1+ 32. Kc2 Nd7 33.
Nd3 Rf1 34. Ra4 Kb8 35. Bc6 Nb6 36. Rf4 Kc8 37. b3 Ra1 38. Nc1 1-0

[Event "Buenos Aires CC Jaque Mate 68 ann"]
[Site "Buenos Aires"]
[Date "1995.??.??"]
[Round "3"]
[White "Dolezal, Cristian"]
[Black "Rodriguez Vila, Andres"]
[Result "1/2-1/2"]
[WhiteElo "2290"]
[BlackElo "2435"]
[PlyCount "172"]
[EventDate "1995.??.??"]
[EventType "tourn"]
[EventRounds "15"]
[EventCountry "ARG"]
[SourceTitle "EXT 2004"]
[Source "ChessBase"]
[SourceDate "2003.11.25"]
[SourceVersion "1"]
[SourceVersionDate "2003.11.25"]
[SourceQuality "1"]

1. e4 e6 2. d3 d5 3. Nd2 Nf6 4. Ngf3 Bc5 5. h3 Nc6 6. c3 O-O 7. b4 Be7 8. a3 a5
9. Bb2 b6 10. Be2 Ba6 11. O-O Qc8 12. Re1 Rd8 13. Qb3 dxe4 14. dxe4 Bxe2 15.
Rxe2 Nh5 16. g3 e5 17. Kh2 Rd6 18. Ng1 axb4 19. axb4 Rxa1 20. Bxa1 Qd7 21. Qa2
Rf6 22. Qd5 Rd6 23. Qa2 b5 24. Nb3 Rd3 25. Rd2 Nf6 26. f3 h5 27. Qc2 Rxd2+ 28.
Qxd2 Qe6 29. Nc1 h4 30. g4 Nd8 31. Bb2 Qb6 32. Nd3 Ne6 33. Bc1 Bd6 34. Qe1 Qc6
35. Ne2 Nh7 36. Kg2 Nhg5 37. Bxg5 Nxg5 38. Qxh4 Ne6 39. Qe1 Qa8 40. Qb1 g6 41.
Nf2 c6 42. h4 Kg7 43. h5 Be7 44. hxg6 fxg6 45. Nh3 Bh4 46. Qb3 Kf6 47. f4 Qg8
48. Qd1 Nxf4+ 49. Nhxf4 exf4 50. Nxf4 Kg5 51. Qf3 Kh6 52. Ne2 Qa2 53. e5 Be7
54. Qe4 Kg7 55. Kf3 Qf7+ 56. Kg2 Qa2 57. Kg3 Qd2 58. Kf3 Qe1 59. Kg2 Qd2 60.
Qf3 Qa2 61. Kh3 Qe6 62. Qe4 Bd6 63. Nf4 Qxe5 64. Qxg6+ Kh8 65. Qh6+ Kg8 66.
Qe6+ Qxe6 67. Nxe6 Be5 68. Nd4 Kf7 69. Kg2 Bf4 70. Kf3 Bd2 71. Ne2 Ke6 72. Ke4
Kd6 73. Kd4 Bh6 74. Ng3 Bg7+ 75. Kd3 Ke5 76. Ne4 Bf8 77. Ke3 Be7 78. g5 Bf8 79.
Nc5 Be7 80. g6 Kf6 81. Nd7+ Kg7 82. Kd4 Bd6 83. Kd3 Bg3 84. Ke4 Be1 85. Kd4
Bf2+ 86. Ke5 Be1 1/2-1/2

[Event "Buenos Aires CC Jaque Mate 68 ann"]
[Site "Buenos Aires"]
[Date "1995.??.??"]
[Round "4"]
[White "Rodriguez Vila, Andres"]
[Black "Soppe, Guillermo"]
[Result "1-0"]
[WhiteElo "2435"]
[BlackElo "2455"]
[PlyCount "50"]
[EventDate "1995.??.??"]
[EventType "tourn"]
[EventRounds "15"]
[EventCountry "ARG"]
[SourceTitle "EXT 2004"]
[Source "ChessBase"]
[SourceDate "2003.11.25"]
[SourceVersion "1"]
[SourceVersionDate "2003.11.25"]
[SourceQuality "1"]

1. e4 Nf6 2. Nc3 d5 3. e5 Nfd7 4. d4 e6 5. Nce2 c5 6. c3 Nc6 7. f4 b5 8. Nf3
Qb6 9. a3 a5 10. f5 Nd8 11. Nf4 Bb7 12. Bd3 c4 13. Bc2 Be7 14. Nh5 Rg8 15. Bg5
f6 16. Bf4 Nf8 17. O-O Bc8 18. Qe2 exf5 19. exf6 gxf6 20. Rae1 Ra7 21. Nh4 Ng6
22. Nxf5 Bxf5 23. Bxf5 Kf8 24. Qf3 Qc6 25. Bg5 Ne5 1-0

[Event "Buenos Aires CC Jaque Mate 68 ann"]
[Site "Buenos Aires"]
[Date "1995.??.??"]
[Round "5"]
[White "Sanchez, Fernando"]
[Black "Rodriguez Vila, Andres"]
[Result "0-1"]
[WhiteElo "2305"]
[BlackElo "2435"]
[PlyCount "70"]
[EventDate "1995.??.??"]
[EventType "tourn"]
[EventRounds "15"]
[EventCountry "ARG"]
[SourceTitle "EXT 2004"]
[Source "ChessBase"]
[SourceDate "2003.11.25"]
[SourceVersion "1"]
[SourceVersionDate "2003.11.25"]
[SourceQuality "1"]

1. e4 d5 2. exd5 Qxd5 3. Nc3 Qa5 4. Bc4 Nf6 5. h3 c6 6. Nf3 Bf5 7. Qe2 e6 8.
Nd4 Bg6 9. d3 Bb4 10. Bd2 O-O 11. a3 Bxc3 12. Bxc3 Qc7 13. Nf3 Nbd7 14. Ne5
Rfe8 15. Nxg6 hxg6 16. O-O-O b5 17. Ba2 a5 18. Bd2 b4 19. a4 Nc5 20. Bb3 Qd6
21. Kb1 Nxb3 22. cxb3 Qd5 23. Ka2 Qxg2 24. Be3 Red8 25. Qc2 Nd5 26. Qc4 Qf3 27.
Rhe1 Rac8 28. h4 Nxe3 29. fxe3 Qd5 30. d4 c5 31. Qe2 c4 32. bxc4 Rxc4 33. b3
Rc3 34. Rb1 Rdc8 35. Rb2 Qe4 0-1

[Event "Buenos Aires CC Jaque Mate 68 ann"]
[Site "Buenos Aires"]
[Date "1995.??.??"]
[Round "7"]
[White "Giaccio, Alfredo Gustavo"]
[Black "Rodriguez Vila, Andres"]
[Result "1/2-1/2"]
[WhiteElo "2390"]
[BlackElo "2435"]
[PlyCount "21"]
[EventDate "1995.??.??"]
[EventType "tourn"]
[EventRounds "15"]
[EventCountry "ARG"]
[SourceTitle "EXT 2004"]
[Source "ChessBase"]
[SourceDate "2003.11.25"]
[SourceVersion "1"]
[SourceVersionDate "2003.11.25"]
[SourceQuality "1"]

1. e4 c5 2. Nf3 e6 3. c3 b6 4. d4 Bb7 5. Bd3 Nf6 6. Qe2 d5 7. e5 Nfd7 8. O-O
Be7 9. a3 a5 10. Nbd2 Ba6 11. Re1 1/2-1/2

[Event "Buenos Aires CC Jaque Mate 68 ann"]
[Site "Buenos Aires"]
[Date "1995.??.??"]
[Round "9"]
[White "Rodriguez Vila, Andres"]
[Black "Toloza Soto, Pablo Alejandro"]
[Result "1-0"]
[WhiteElo "2435"]
[BlackElo "2230"]
[PlyCount "75"]
[EventDate "1995.??.??"]
[EventType "tourn"]
[EventRounds "15"]
[EventCountry "ARG"]
[SourceTitle "EXT 2004"]
[Source "ChessBase"]
[SourceDate "2003.11.25"]
[SourceVersion "1"]
[SourceVersionDate "2003.11.25"]
[SourceQuality "1"]

1. e4 e5 2. Nf3 Nc6 3. Bb5 a6 4. Ba4 Nf6 5. Qe2 b5 6. Bb3 Bc5 7. c3 O-O 8. O-O
d6 9. Rd1 Bb6 10. d3 Qe7 11. Bg5 h6 12. Bh4 Na5 13. Bc2 c5 14. Nbd2 Qe6 15. Nf1
Nh5 16. Bg3 Nxg3 17. hxg3 Qe7 18. Ne3 Be6 19. g4 g6 20. g3 Qd7 21. Nf5 gxf5 22.
gxf5 Qe7 23. Qe3 Bd7 24. Qxh6 Bd8 25. Kg2 Qf6 26. Rh1 Re8 27. Rh5 Qxh6 28. Rxh6
Kg7 29. Rah1 d5 30. g4 dxe4 31. dxe4 Nc6 32. Rh7+ Kf8 33. g5 Ke7 34. g6 Rf8 35.
R1h6 Bc7 36. Ng5 Nd8 37. g7 Rg8 38. Rh8 1-0

[Event "Buenos Aires CC Jaque Mate 68 ann"]
[Site "Buenos Aires"]
[Date "1995.??.??"]
[Round "13"]
[White "Fabrega, Enrique"]
[Black "Rodriguez Vila, Andres"]
[Result "1-0"]
[WhiteElo "2275"]
[BlackElo "2435"]
[PlyCount "87"]
[EventDate "1995.??.??"]
[EventType "tourn"]
[EventRounds "15"]
[EventCountry "ARG"]
[SourceTitle "EXT 2004"]
[Source "ChessBase"]
[SourceDate "2003.11.25"]
[SourceVersion "1"]
[SourceVersionDate "2003.11.25"]
[SourceQuality "1"]

1. e4 c5 2. Nf3 Nc6 3. d4 cxd4 4. Nxd4 Nf6 5. Nc3 e5 6. Ndb5 d6 7. Bg5 a6 8.
Na3 b5 9. Nd5 Be7 10. Bxf6 Bxf6 11. c3 O-O 12. Nc2 Bg5 13. a4 Rb8 14. axb5 axb5
15. Bd3 Be6 16. Ncb4 Nxb4 17. Nxb4 Qd7 18. O-O g6 19. Qe2 f5 20. Ra6 Kh8 21.
Rd1 f4 22. f3 Bd8 23. Kh1 g5 24. Nc6 Rb6 25. Bxb5 Rxa6 26. Nxd8 Qxd8 27. Bxa6
g4 28. Bc4 Bc8 29. Qd2 Rf6 30. Qd5 Qf8 31. Ra1 Qd8 32. Ra8 Rf8 33. Ra1 Qb6 34.
Qd2 Qc5 35. Bd5 Rf6 36. b4 Qc7 37. c4 gxf3 38. gxf3 Rg6 39. Qf2 Qd7 40. b5 Qh3
41. b6 Rg3 42. Rg1 Bg4 43. b7 Bxf3+ 44. Qxf3 1-0

[Event "Buenos Aires VII Najdorf op"]
[Site "Buenos Aires"]
[Date "1995.??.??"]
[Round "2"]
[White "Rodriguez Vila, Andres"]
[Black "Kanefsck, Gustavo"]
[Result "1-0"]
[WhiteElo "2435"]
[BlackElo "2305"]
[PlyCount "80"]
[EventDate "1995.??.??"]
[EventType "swiss"]
[EventRounds "9"]
[EventCountry "ARG"]
[SourceTitle "EXT 1997"]
[Source "ChessBase"]
[SourceDate "1996.11.15"]
[SourceVersion "1"]
[SourceVersionDate "1996.11.15"]
[SourceQuality "1"]

1. e4 c5 2. Nc3 Nc6 3. g3 g6 4. Bg2 Bg7 5. d3 d6 6. Be3 e6 7. Qd2 Nd4 8. Nf3
Ne7 9. O-O Nec6 10. Ne1 O-O 11. Nd1 e5 12. Bh6 f5 13. Bxg7 Kxg7 14. c3 Ne6 15.
exf5 gxf5 16. f4 exf4 17. gxf4 Ne7 18. Ne3 Kh8 19. b4 Ng6 20. Nd5 Rg8 21. Nf3
Bd7 22. Qe3 cxb4 23. cxb4 Nh4 24. Nxh4 Qxh4 25. Rf3 Qh6 26. Rg3 Rxg3 27. hxg3
Qg7 28. Re1 Rg8 29. Kh2 Nd4 30. Qf2 Ne6 31. Ne3 Nd8 32. Nc4 Bc6 33. Bh3 Qf6 34.
Ne3 Qd4 35. Qd2 Re8 36. Nxf5 Rxe1 37. Qxe1 Qb2+ 38. Kg1 Qf6 39. Qe7 Qxe7 40.
Nxe7 Bb5 1-0

[Event "Buenos Aires VII Najdorf op"]
[Site "Buenos Aires"]
[Date "1995.??.??"]
[Round "4"]
[White "Rodriguez Vila, Andres"]
[Black "Perez Pietronave, Carlos"]
[Result "1-0"]
[WhiteElo "2435"]
[BlackElo "2250"]
[PlyCount "49"]
[EventDate "1995.??.??"]
[EventType "swiss"]
[EventRounds "9"]
[EventCountry "ARG"]
[SourceTitle "EXT 1997"]
[Source "ChessBase"]
[SourceDate "1996.11.15"]
[SourceVersion "1"]
[SourceVersionDate "1996.11.15"]
[SourceQuality "1"]

1. e4 e5 2. Nf3 Nc6 3. Bb5 a6 4. Ba4 d6 5. O-O Bg4 6. h3 h5 7. d3 Qf6 8. Bxc6+
bxc6 9. Nbd2 g5 10. Nc4 Ne7 11. Kh1 Qg6 12. Qe2 Qf6 13. Bd2 O-O-O 14. hxg4
hxg4+ 15. Nh2 Qh6 16. Qxg4+ f5 17. Qg3 Qh5 18. Ne3 Bg7 19. exf5 Rh7 20. f6 Rdh8
21. Qg4+ Kb8 22. Qxh5 Rxh5 23. Neg4 Bxf6 24. g3 d5 25. Kg2 1-0

[Event "Buenos Aires VII Najdorf op"]
[Site "Buenos Aires"]
[Date "1995.??.??"]
[Round "5"]
[White "Moreda, Lucas"]
[Black "Rodriguez Vila, Andres"]
[Result "0-1"]
[WhiteElo "2295"]
[BlackElo "2485"]
[PlyCount "58"]
[EventDate "1995.??.??"]
[EventType "swiss"]
[EventRounds "9"]
[EventCountry "ARG"]
[SourceTitle "EXT 1997"]
[Source "ChessBase"]
[SourceDate "1996.11.15"]
[SourceVersion "1"]
[SourceVersionDate "1996.11.15"]
[SourceQuality "1"]

1. e4 e6 2. d4 d5 3. Nc3 Bb4 4. Nge2 dxe4 5. a3 Be7 6. Nxe4 Nf6 7. N2g3 Bd7 8.
c3 Bc6 9. Nxf6+ Bxf6 10. Nh5 Nd7 11. Qg4 g6 12. Nxf6+ Nxf6 13. Qg3 Qd5 14. Qxc7
Qe4+ 15. Be3 Nd5 16. Qg3 Qc2 17. Bc1 Qe4+ 18. Be2 f6 19. f3 Qc2 20. Kf2 O-O 21.
Rd1 Rfe8 22. Rd2 Qb3 23. Bd3 Re7 24. a4 a5 25. Bc2 Qb6 26. Re2 e5 27. Kf1 exd4
28. Rxe7 Nxe7 29. Qd6 Bb5+ 0-1

[Event "Buenos Aires VII Najdorf op"]
[Site "Buenos Aires"]
[Date "1995.??.??"]
[Round "6"]
[White "Rodriguez Vila, Andres"]
[Black "Schweber, Samuel"]
[Result "1-0"]
[WhiteElo "2485"]
[BlackElo "2325"]
[PlyCount "66"]
[EventDate "1995.??.??"]
[EventType "swiss"]
[EventRounds "9"]
[EventCountry "ARG"]
[SourceTitle "EXT 1997"]
[Source "ChessBase"]
[SourceDate "1996.11.15"]
[SourceVersion "1"]
[SourceVersionDate "1996.11.15"]
[SourceQuality "1"]

1. e4 e6 2. d3 d5 3. Nd2 c5 4. Ngf3 Nc6 5. g3 Nf6 6. Bg2 Be7 7. O-O b5 8. Re1
O-O 9. e5 Nd7 10. Nf1 a5 11. h4 Ba6 12. N1h2 b4 13. Bf4 c4 14. d4 Qb6 15. Be3
Nd8 16. Ng5 f6 17. exf6 Nxf6 18. Ng4 Bb5 19. Ne5 Rc8 20. c3 Be8 21. Qc2 Rb8 22.
Bf4 bxc3 23. bxc3 Qb2 24. Qxb2 Rxb2 25. Bh3 Rb6 26. Nef3 Bd6 27. Nxe6 Nxe6 28.
Rxe6 Ne4 29. Bxd6 Rxd6 30. Ng5 Bf7 31. Nxf7 Kxf7 32. Rxd6 Nxd6 33. Bg2 Re8 1-0

[Event "Buenos Aires VII Najdorf op"]
[Site "Buenos Aires"]
[Date "1995.??.??"]
[Round "7"]
[White "Gomez Baillo, Jorge H"]
[Black "Rodriguez Vila, Andres"]
[Result "1/2-1/2"]
[WhiteElo "2420"]
[BlackElo "2485"]
[PlyCount "34"]
[EventDate "1995.??.??"]
[EventType "swiss"]
[EventRounds "9"]
[EventCountry "ARG"]
[SourceTitle "EXT 1997"]
[Source "ChessBase"]
[SourceDate "1996.11.15"]
[SourceVersion "1"]
[SourceVersionDate "1996.11.15"]
[SourceQuality "1"]

1. e4 e6 2. d4 d5 3. Nd2 Nf6 4. e5 Nfd7 5. f4 c5 6. Ngf3 Nc6 7. Bd3 Qb6 8. c4
cxd4 9. cxd5 Nc5 10. Bb1 exd5 11. O-O d3 12. Kh1 Be7 13. Nb3 Ne4 14. Qxd3 Nf2+
15. Rxf2 Qxf2 16. Be3 Qxb2 17. Bc1 Qf2 1/2-1/2

[Event "Clarin op"]
[Site "La Carlota"]
[Date "1995.??.??"]
[Round "1"]
[White "Triunfetti, Claudio"]
[Black "Rodriguez Vila, Andres"]
[Result "0-1"]
[WhiteElo "2295"]
[BlackElo "2490"]
[PlyCount "56"]
[EventDate "1995.??.??"]
[EventType "swiss"]
[EventRounds "9"]
[EventCountry "ARG"]
[SourceTitle "EXT 1997"]
[Source "ChessBase"]
[SourceDate "1996.11.15"]
[SourceVersion "1"]
[SourceVersionDate "1996.11.15"]
[SourceQuality "1"]

1. e4 e6 2. d4 d5 3. exd5 exd5 4. Bd3 c5 5. dxc5 Bxc5 6. Nf3 Ne7 7. Nbd2 Nbc6
8. c3 Bg4 9. O-O Qd6 10. Nb3 Bb6 11. Be2 O-O 12. Nbd4 Nxd4 13. Nxd4 Bxe2 14.
Nxe2 Ng6 15. Nd4 Rfe8 16. Be3 Qd7 17. Qb3 Nh4 18. Bg5 Nxg2 19. Kxg2 Qg4+ 20.
Kh1 Qxg5 21. Rg1 Qh5 22. Rg2 Rad8 23. Rag1 g6 24. Qc2 Re4 25. Qd3 Bc7 26. Nf3
Rf4 27. Ng5 Rh4 28. Nf3 Rh3 0-1

[Event "Clarin op"]
[Site "La Carlota"]
[Date "1995.??.??"]
[Round "2"]
[White "Rodriguez Vila, Andres"]
[Black "Rodriguez, Jorge Luis"]
[Result "1/2-1/2"]
[WhiteElo "2490"]
[BlackElo "2395"]
[PlyCount "72"]
[EventDate "1995.??.??"]
[EventType "swiss"]
[EventRounds "9"]
[EventCountry "ARG"]
[SourceTitle "EXT 1997"]
[Source "ChessBase"]
[SourceDate "1996.11.15"]
[SourceVersion "1"]
[SourceVersionDate "1996.11.15"]
[SourceQuality "1"]

1. e4 c5 2. Nf3 Nc6 3. d4 cxd4 4. Nxd4 e5 5. Nf3 Nf6 6. Nc3 Bb4 7. Bc4 O-O 8.
O-O Bxc3 9. bxc3 Nxe4 10. Ba3 d6 11. Re1 Nc5 12. Bxc5 dxc5 13. Nxe5 Nxe5 14.
Rxe5 Qf6 15. Rxc5 b6 16. Rc7 Be6 17. Qd4 Rac8 18. Rxc8 Rxc8 19. Bxe6 Qxd4 20.
cxd4 fxe6 21. Rc1 Rc3 22. Kf1 Ra3 23. c4 Rxa2 24. c5 bxc5 25. dxc5 Rb2 26. c6
Rb8 27. Ra1 Rc8 28. Ra6 Rc7 29. Ke2 Kf7 30. Kd3 Ke7 31. Kc4 Kd6 32. Kb5 h5 33.
h4 g6 34. f3 e5 35. g3 Rc8 36. c7+ Kxc7 1/2-1/2

[Event "Clarin op"]
[Site "La Carlota"]
[Date "1995.??.??"]
[Round "5"]
[White "Pierrot, Juan Facundo"]
[Black "Rodriguez Vila, Andres"]
[Result "0-1"]
[WhiteElo "2370"]
[BlackElo "2435"]
[PlyCount "49"]
[EventDate "1995.??.??"]
[EventType "swiss"]
[EventRounds "9"]
[EventCountry "ARG"]
[SourceTitle "EXT 2002"]
[Source "ChessBase"]
[SourceDate "2001.11.25"]
[SourceVersion "1"]
[SourceVersionDate "2001.11.25"]
[SourceQuality "1"]

1. e4 e6 2. d4 d5 3. Nd2 Nf6 4. e5 Nfd7 5. Bd3 c5 6. c3 Nc6 7. Ne2 cxd4 8. cxd4
f6 9. exf6 Nxf6 10. Nf3 Qc7 11. O-O Bd6 12. Re1 O-O 13. g3 Bd7 14. Bf4 Rae8 15.
Rc1 Bxf4 16. Nxf4 Qb6 17. Qd2 Kh8 18. Bb1 a5 19. h4 a4 20. Re2 Nxd4 21. Qxd4
Qxd4 22. Nxd4 e5 23. Rc7 exf4 24. Rxb7 Rxe2 25. Nxe2 0-1